00911nam a2200205 a 450000100100000000500170001000800410002702000180006804000250008608200150011110000360012624500960016226000370025830000260029559000280032195201130034995201130046295201130057599900170068800004711520201002053353.0180417s2015 dr a 000 spa d a9789945123524 aDO-SdBNPbspacBNPHU axxxbS939f1 aSuárez, Manuel Ángel974910 0aFormación integral, humana y religiosa 2 :. :bnivel primario /cManuel Ángel Suárez. aSanto Domingo :bSusaeta,c2015. a120 p :bil ;c28 cm. aInventariado, 2018 / DG 0010718PDaGRbGRcHDd2018-04-17iLF1l0oxxx S939fp47115-30r2020-06-25w2020-06-25yLFPDZNo se presta 0010718PDaPDbPDcHDd2018-04-17iLF1l0oxxx S939fp47115-10r2020-06-25w2020-06-25yLFPDZNo se presta 0010718PDaPDbPDcHDd2018-04-17iLF1l0oxxx S939fp47115-20r2020-06-25w2020-06-25yLFPDZNo se presta c46603d46603